000 01042nam a2200253 a 4500
999 _c11377
_d11377
001 11377
003 BD-JhCC
005 20190905121614.0
008 190519b2017 ban||||| a||| 00| 0 eng d
020 _a9847009603815
035 _a(BD-JhCC)11377
040 _aBD-JhCC
_dBD-JhCC
041 _aben
082 _bMOL 2017
_a954.9205
100 _aমল্লিক, মুকুল কুমার
245 _aমুক্তিযুদ্ধের কিশোর ইতিহাস :
_bগাজীপুর জেলা /
_cমুকুল কুমার মল্লিক, সম্পাদনায় আমিনুর রহমান সুলতান
260 _aঢাকা: বাংলাদেশ
_bতাম্রলিপি;
_c2017.
300 _a135 pages:
_binclude illustration
_c20 cm
650 _aLiberation War
_y1971
_zJhenaidah, Bangladesh
651 _aBangladesh Freedomfiteng
_xBangladesh
700 _aসুলতান, আমিনুর রহমান
942 _2ddc
_cBK